Bordering Countries by Flag #5 - Statistics

General Stats
  • This quiz has been taken 171 times
  • The average score is 5 of 5
Answer Stats
Country % Correct
Bosnia and Herzegovina
99%
Serbia
98%
Slovenia
97%
Montenegro
95%
Hungary
91%
No matching quizzes found
Score Distribution
Percent of People with Each Score
Percentile by Number Answered
Your Score History
You have not taken this quiz